000 00590nam a22001937a 4500
005 20130514114745.0
010 _aENG-107102
020 _a9789381090022
_c500.00
035 _aEN-90635
037 _bDBAD/PUB
082 _a660.6
100 _aVikas Singh
245 1 0 _aImportant tools & techniques in biotechnology /
_cby Vikas Singh
260 _aHaryana
_bShanti Prakashan
_c(201?)
270 _a1780, Sector-1, Delhi By-pass
_bRohtak
_e124001
300 _a143p. :
_c22cm(Hb)
_bill.
500 _aIncludes bibliographical references
942 _2ddc
_cEN
_mVIK
_h660.6
999 _c75443
_d75443